000 01140cab a22002655a 4500
001 L160146
008 180809e2018 xxk 000 0 eng d
035 _a(Sirsi) u160146
041 0 _aeng
100 1 _aWeiss, Dan
245 0 0 _aGreater than the sum of its parts
_h[electronic resource]
260 _c2018
490 _aRICS Property Journal
_vJuly-August 2018, 22-24(3)
520 _aConsiders the use of single integrated models for managing property, space and people and factors such as big data, digitalisation, artificial intelligence, smart design and master plans which help facilitate this. Examines the principles of vertical and horizonal integration, process design and aggregated management
650 2 4 _aBIG DATA
650 2 4 _aARTIFICIAL INTELLIGENCE
650 2 4 _aMASTER PLANNING
650 2 4 _aPROCESS DESIGN
650 2 4 _aCORPORATE REAL ESTATE MANAGEMENT
650 2 4 _aDATA MANAGEMENT
651 4 _aUnited Kingdom
690 _aFacilities management
_96240
856 4 0 _uhttps://issuu.com/ricsmodus/docs/property_journal_july-august_2018
_zView the item free of charge from www.issu.com
942 _n0
_2ddc
999 _c85176
_d85176